100 Most Planted Wine Grape Varieties - Statistics

General Stats
  • This quiz has been taken 62 times
  • The average score is 27 of 100
Answer Stats
Rank Grape Variety Vineyard Area (ha) % Correct
10 Pinot Noir / Blauer Burgunder / Spätburgunder 105,480
95%
5 Chardonnay 201,649
93%
2 Merlot 266,440
93%
1 Cabernet Sauvignon 310,671
91%
8 Sauvignon Blanc 124,700
91%
18 Pinot Grigio / Pinot Gris / Grauburgunder 48,570
88%
6 Syrah / Shiraz 181,185
86%
13 Riesling 54,106
81%
7 Garnacha Tinta / Grenache Noir 150,096
79%
14 Malbec / Côt 52,233
77%
17 Cabernet Franc 49,309
74%
25 Zinfandel / Primitivo / Tribidrag 33,649
72%
3 Tempranillo / Tinta Roriz 219,379
65%
11 Sangiovese / Brunello / Nielluccio 73,464
60%
56 Gewürztraminer 12,823
56%
85 Nebbiolo 7,997
53%
53 Pinot Blanc / Pinot Bianco / Weißburgunder 13,779
53%
33 Gamay Noir 26,221
51%
15 Mourvèdre / Monastrell / Mataro 51,930
49%
36 Carmenère 22,486
47%
27 Chenin Blanc 32,221
47%
44 Barbera 17,824
42%
82 Albariño / Alvarinho 8,405
40%
42 Sémillon 18,693
40%
47 Viognier 16,063
40%
19 Carignan / Mazuelo / Cariñena 47,312
37%
37 Prosecco / Glera 20,109
37%
35 Cinsault 22,926
35%
40 Grüner Veltliner 19,118
35%
26 Montepulciano 32,935
35%
50 Pinot Meunier 14,695
35%
84 Petit Verdot 8,124
33%
9 Trebbiano Toscano / Ugni Blanc 120,343
33%
51 Nero d'Avola 14,281
30%
20 Macabeo / Viura 38,625
28%
46 Blaufränkisch 17,180
26%
100 Lambrusco Salamino 6,228
26%
93 Pinotage 7,132
26%
62 Vermentino 11,483
26%
76 Zweigelt / Blauer Zweigelt / Rotburger 9,068
26%
65 Concord 10,544
23%
79 Garganega 8,554
23%
89 Grenache Blanc / Garnacha Blanca 7,409
23%
43 Verdejo 17,931
23%
4 Airén 203,801
21%
61 Touriga Nacional 11,722
21%
71 Aglianico 9,734
19%
99 Corvina Veronese 6,240
19%
74 Melon de Bourgogne 9,551
19%
39 Müller-Thurgau 19,501
19%
63 Negroamaro 11,449
19%
32 Aligoté 26,929
16%
12 Bobal 59,189
16%
78 Pedro Ximénez 8,810
16%
98 Saperavi 6,478
16%
77 Torrontés Riojano 8,859
16%
80 Xarel·lo 8,534
16%
38 Douce Noir / Bonarda / Charbono 19,733
14%
24 Muscat Blanc à Petits Grains 33,739
14%
83 Muscat Blanc à Petits Grains (G) 8,258
14%
23 Muscat of Alexandria 34,805
14%
52 Touriga Franca 14,224
14%
22 Alicante Henri Bouschet 36,031
12%
29 Colombard 29,996
12%
90 Grillo / Riddu / Rossese Bianco 7,383
12%
73 Malvasia Bianca di Candia 9,685
12%
64 Mencía / Jaen 11,052
12%
92 Parellada 7,137
12%
28 Welschriesling / Graševina 30,083
12%
57 Castelão / Periquita / João de Santarém 12,580
9%
91 Chasselas Blanc 7,377
9%
34 Palomino Fino 23,190
9%
16 Rkatsiteli 51,374
9%
31 Catarratto Bianco 28,613
7%
87 Dornfelder 7,871
7%
58 Muscat Ottonel 12,464
7%
49 Pedro Giménez 15,576
7%
81 Rhoditis / Roditis 8,463
7%
67 Savatiano 10,268
7%
66 Trincadeira / Tinta Amarela 10,510
7%
95 Baga 6,750
5%
97 Blauer Portugieser 6,590
5%
21 Cayetana Blanca / Jaén 36,401
5%
48 Criolla Grande 15,596
5%
60 Fernão Pires 12,211
5%
54 Fetească Albă 13,382
5%
55 Fetească Regală 12,991
5%
86 Tsolikouri 7,903
5%
75 Vranac 9,503
5%
70 Bianca 9,766
2%
30 Cereza 28,887
2%
45 Isabella 17,813
2%
59 Moldova 12,375
2%
94 Síria / Roupeiro 7,037
2%
41 Trebbiano Romagnolo 19,059
2%
88 Black Muscat / Muscat of Hamburg 7,680
0%
96 Bordô 6,744
0%
72 Dimyat 9,696
0%
68 Listán Prieto 10,267
0%
69 Pamid 9,961
0%
No matching quizzes found
Score Distribution
Percent of People with Each Score
Percentile by Number Answered
Your Score History
You have not taken this quiz